000 00458cam a2200181ua 4500
001 3879
008 111207n ii |||gr||||Z||||||asm
040 _cMAIN
082 _a891.4511
100 1 _aBhattacharyya, Nalinidhar,
245 1 1 _aKabita aru napathya
_cby Nalinidhar Bhattacharyya
250 _a1st.
260 _aGuwahati:
_bChetana Prakash,996.
300 _a155p:
_c23cm.
653 _aAssamese poem
653 _aKabita aru napathya
942 _cBK
999 _c3702
_d3702